|
|
|
|
| LEADER |
01153nam a2200265 a 4500 |
| 001 |
4034004 |
| 008 |
091121s1998 enka b 101 0 eng d |
| 010 |
|
|
|a 98026460
|
| 020 |
|
|
|a 0521633230
|
| 020 |
|
|
|a 0521633656 (pbk.)
|
| 040 |
|
|
|a DLC
|c DLC
|d DLC
|
| 082 |
0 |
0 |
|a 330/.01/5195
|2 21
|
| 245 |
0 |
0 |
|a Econometrics and economic theory in the 20th century :
|b the Ragnar Frisch centennial symposium /
|c edited by Steinar Strøm.
|
| 260 |
|
|
|a Cambridge, England ;
|a New York, N.Y. :
|b Cambridge University Press,
|c 1998.
|
| 300 |
|
|
|a xiv, 629 p. :
|b ill. ;
|c 24 cm.
|
| 490 |
0 |
|
|a Econometric Society monographs ;
|v no. 31
|
| 504 |
|
|
|a Includes bibliographical references and indexes.
|
| 541 |
1 |
|
|e 00010941
|
| 600 |
1 |
0 |
|a Frisch, Ragnar,
|d 1895-1973.
|
| 650 |
|
0 |
|a Econometrics
|x History
|x Congresses.
|
| 650 |
|
0 |
|a Econometric models
|x History
|x Congresses.
|
| 700 |
1 |
|
|a Strøm, Steinar.
|
| 852 |
4 |
|
|a Ayesha Abed Library
|j General Shelf.
|
| 999 |
|
|
|c 5775
|d 5775
|
| 952 |
|
|
|0 0
|1 0
|2 ddc
|4 0
|6 330_015195000000000_ECO_1998
|7 0
|9 5717
|a BRACUL
|b BRACUL
|c GEN
|d 2009-11-22
|g 0.00
|l 0
|o 330.015195 ECO
|p 3010010941
|r 2009-11-22
|t 1
|w 2009-11-22
|y BK
|x No price found in the accession register.
|